| 000 | 00798nam a22002175a 4500 | ||
|---|---|---|---|
| 005 | 20170420123521.0 | ||
| 008 | 170420t2016 ii a fr 001 0 eng d | ||
| 020 | _a9789385999130 | ||
| 040 |
_aEG-ScBUE _beng _cEG-ScBUE _dEG-ScBUE |
||
| 082 | 0 | 4 |
_222 _a610.730711 _bMAN |
| 100 | 1 | _aManivannan, Shyamala D. | |
| 245 | 1 | 0 |
_aNursing education and quality assurance in nursing colleges / _cShyamala D. Manivannan. |
| 246 | 3 | 4 | _aNursing education & quality assurance in nursing colleges |
| 260 |
_aNew Delhi : _bThe Health Sciences Publisher, _cc.2016. |
||
| 300 |
_axi, 278 p. : _bill. ; _c24 cm. |
||
| 500 | _aIndex : p. 273-278. | ||
| 650 | 7 |
_2BUEsh _936329 _aNursing _xStudy and teaching. |
|
| 650 | 7 |
_aNursing _xStudy and teaching (Continuing education) |
|
| 653 |
_bNNUR _cApril2017 |
||
| 942 | _2ddc | ||
| 999 |
_c24681 _d24653 |
||